000 00593nam a2200241Ia 4500
003 OSt
005 20220918173334.0
006 a|||||r|||| 00| 0
007 ta
008 220917b |||||||| |||| 00| 0 eng d
024 _a6,152
037 _cTextual
040 _aARTS
_cARTS
_beng
041 _2eng
_aeng
082 _a2:55, M4
100 _aSharma C K
_944332
245 0 _aCataloguing
260 _aDelhi
_bShree Pub House
_c1984
300 _aii, 167p.
_ccm.
650 _aLIBRARY SCIENCE
942 _h2:55, M4
_cTEXL
_2CC
999 _c148141
_d148141